Rock & Roll Hall of Fame #2- Sudden Death - Statistics

General Stats
  • This quiz has been taken 220 times
  • The average score is 8 of 20
Answers on the Grid
Answers color-coded by a green-red scale on the quiz's grid according to % correct below.
Eminem
The Stooges
John Mellencamp
Blondie
Mary J. Blige
Dolly Parton
Kansas
Radiohead
Dr. Dre
Eddie Money
Yes
Jimmy Buffet
Dionne Warwick
Joan Jett
Big Bopper
Neil Diamond
Lynyrd Skynyrd
Jethro Tull
Tupac Shakur
Celine Dion
Kool and the Gang
Dave Matthew Band
Cat Stevens
Billy Joel
Dr. John
The Kinks
The Velvet Underground
Village People
Stevie Nicks
Emerson Lake and Palmer
 
Answer Stats
Answer % Correct
Eminem
65%
Dolly Parton
60%
Blondie
58%
Lynyrd Skynyrd
51%
Billy Joel
50%
Radiohead
47%
The Velvet Underground
43%
Neil Diamond
42%
The Kinks
42%
The Stooges
42%
John Mellencamp
39%
Mary J. Blige
38%
Yes
38%
Joan Jett
36%
Stevie Nicks
35%
Cat Stevens
34%
Dave Matthew Band
31%
Tupac Shakur
29%
Kool and the Gang
25%
Dr. John
18%
No matching quizzes found
Score Distribution
Percent of People with Each Score
Percentile by Number Answered
Your Score History
You have not taken this quiz